000 00602nam a2200265Ia 4500
005 20260306163434.0
008 008 260114s9999 xx 000 0 eng d
020 _a9780804769884
037 _aEBOOK
040 _aCRL
040 _beng
040 _cCRL
041 _2eng
041 _aeng
084 _qCRL
100 _aGoodale
_9923669
245 0 _aDilemmas Of Modernity
260 _bStanford University Press
260 _c2013
650 _aAnthropology
856 _uhttps://academic.oup.com/book/29564
942 _cEBOOK
999 _c1710103
_d1710103